000 00419nam a2200169Ia 4500
008 221030s9999 xx 000 0 und d
020 _a9971512831
041 _aEnglish
082 _a105.23
_b491.65
100 _aF. F. Kuo
245 0 _aAdvanced Engineering Mathematics
_cby F. F. Kuo
250 _a8th
260 _bJohn Willey & Sons
_aNew York
_c1999
300 _a1156
650 _aBE Mathematics
942 _cBK
999 _c5644
_d5644